| 000 | 00695nam a2200205 a 4500 | ||
|---|---|---|---|
| 001 | 000040332 | ||
| 005 | 20201002034050.0 | ||
| 008 | 130821s2005 mx 000 0 spa d | ||
| 020 | _a9703223836 | ||
| 040 |
_aDO-SdBNP _bspa _cBNPHU |
||
| 100 | 1 |
_aJiménez, Juan Ramón _d1881-1958 _98948 |
|
| 245 | 1 | 0 |
_aLa última erranza / _cJuna Ramón Jiménez 19 grabados de Alberto Beltrán. |
| 260 |
_aMéxico : _bUniversidad Nacional Autónoma de México :, _c2005. |
||
| 300 |
_a28 p. : _bil. ; _c21 cm. |
||
| 490 | 1 |
_aLunes _v20 |
|
| 533 |
_aFacsímil: _bMéxico _d1946 |
||
| 700 | 1 |
_aBeltrán, Alberto _966628 |
|
| 710 | 2 |
_aUniversidad Nacional Autónoma de México _942447 |
|
| 830 | 0 |
_aLunes _v20 _966616 |
|
| 999 |
_c39822 _d39822 |
||